000 01621nam a22001937a 4500
999 _c58788
_d58788
003 Ge_BSU
005 20221221134028.0
008 220729s2022ge xxu||||| |||| 00| 0 geo d
041 _ageo
080 _a33 ბ-52
100 _aბერიძე, ზაზა
_914503
245 _aინოვაციური განვითარება როგორც ფირმის კონკურენტუნარიანობის ამაღლების ფაქტორი :
_bდისერტაცია: ნაშრომი წარდგენილია ბიზნესის ადმინისტრირების აკადემიური ხარისხის მოსაპოვებლად /
_cზაზა ბერიძე, სამეცნ.ხელმძღ. პაატა აროშიძე.
264 _aბათუმი:
_bბათუმის შოთა რუსთაველის სახელმწიფო უნივერსიტეტი,
_c2022.
300 _a168 გვ.:
_c30 სმ.
653 _aეკონომიკა
700 _aაროშიძე, პაატა
_eსამეცნიერო ხელმძღვანელი
_914504
710 _aბათუმის შოთა რუსთაველის სახელმწიფო უნივერსიტეტი ბიზნესის ადმინისტრირების მენეჯმენტისა და მარკეტინგის დეპარტამენტი
_914505
942 _2udc
_cDS